000 00623nam a2200253Ia 4500
003 OSt
005 20230922145220.0
008 210210b1962 xxu||||| |||| 00| 0 eng d
040 _cAL
041 _aeng
082 _a538/51
100 _aTIRUNARAYANACHAR (T)
_9134675
245 _aManual of practical physics Vol I
260 _aLondon
_bLongman Green & Co.
_c1962
300 _a40
650 _aVol
_9134676
650 _apractical
_9134677
650 _aphysics
_9134678
650 _aManual
_9134679
650 _aI
_9134680
690 _aMathematical Physics
_9134681
906 _a008999
942 _2ddc
_cBK
999 _c126914
_d126914